Przyjaciele z boiska - Lionel Messi || piłka nożna - Statystyki

Ogólne statystyki
  • Ten quiz został rozwiązany 132 razy
  • Średni wynik to 7 z 10
Statystyki odpowiedzi
Hint Odpowiedź % Poprawnych
5 Xavi
91%
9 Luis Suarez
85%
10 Ivan Rakitic
74%
3 Andres Iniesta
64%
1 Sergio Busquets
64%
6 Jordi Alba
62%
8 Dani Alves
58%
2 Gerard Pique
56%
4 Javier Mascherano
51%
7 Victor Valdes
48%
Nie znaleziono quizów pasujących do podanych kryteriów
Rozkład punktacji
Procent ludzi z każdym wynikiem
Percentyl według liczby udzielonych odpowiedzi
Twoja historia wyników
Nie rozwiązałeś tego quizu